Sentino - La Cultura Vol.1 - Statystyki

Ogólne statystyki
  • Ten quiz został rozwiązany 6 razy
  • Średni wynik to 7 z 13
Statystyki odpowiedzi
La Cultura Vol.1 % Poprawnych
LOST
100%
TAKE IT EASY
83%
INTRO
67%
WALIZKI
67%
3D
50%
BUMBUM
50%
NARCOTRAFICANTE
50%
OZ
50%
PANTERE
50%
SZCZYT
50%
WANDERLEI
50%
BANG!
33%
IDI AMIN
33%
Nie znaleziono quizów pasujących do podanych kryteriów
Rozkład punktacji
Procent ludzi z każdym wynikiem
Percentyl według liczby udzielonych odpowiedzi
Twoja historia wyników
Nie rozwiązałeś tego quizu